[Event "IOM Open-Masters 2017"]
[Site "Douglas"]
[Date "2017.09.28"]
[Round "6"]
[White "Gelfand, Boris"]
[Black "Zatonskih, Anna"]
[Result "0-1"]
[WhiteElo "2737"]
[BlackElo "2424"]
[Annotator "TA"]
[PlyCount "74"]
[EventDate "2017.??.??"]
[EventType "swiss"]
[EventCountry "GBR"]
[SourceTitle "playchess.com"]
[Source "ChessBase"]
[SourceQuality "1"]

{[%evp 21,74,12,4,0,0,-5,7,7,14,9,5,11,8,8,129,137,167,89,85,64,65,60,80,65,75,53,83,35,43,35,43,48,64,40,53,35,68,71,72,39,83,51,76,74,205,123,96,0,0,-370,-361,-418,-434,-427,-420]} 1. c4 e6 2. Nc3 d5 3. d4 Nf6 4. cxd5 exd5 5. Bg5 Be7 6. e3 Nbd7 {[%cal Bb8d7,Bd7f8,Bf8e6][%mdl 32]} 7. Bd3 c6 8. Nge2 O-O 9. Qc2 Re8 10. O-O Nf8 11. f3 g6 12. Kh1 {D36: Queen's Gambit Declined: Exchange Variation: Main line (5 Bg5 c6 6 Qc2)} (12. Rad1 Ne6 13. Bh4 b5 14. Bf2 Bb7 15. Nc1 Rc8 16. Nb3 a6 17. Ne2 c5 18. dxc5 Nxc5 19. Nxc5 Bxc5 20. Qd2 {½-½ (59) Wojtaszek,R (2746)-Buhmann,R (2633) Germany 2016}) 12... Ne6 13. Bh4 b6 14. Rad1 {[#] The position is equal.} a5 $146 ({Predecessor:} 14... Bb7 15. Qc1 Rc8 16. e4 c5 17. Bb5 Rf8 18. dxc5 Rxc5 19. Bf2 Rc8 20. Qb1 {1-0 (65) Miron,L (2501)-Radulski,J (2586) Fontenilles 2011}) 15. Qc1 Ba6 16. Bxa6 Rxa6 17. e4 Nh5 (17... Ra7 $11) 18. Bxe7 $16 Rxe7 {[#]} 19. exd5 ({White should play} 19. g4 $1 $18 {[%cal Rg4h5]} Nf6 20. e5) 19... cxd5 {[#]} 20. Nxd5 $1 {[%mdl 512]} Rd7 (20... Qxd5 21. Qc8+) 21. Ndc3 Nf6 22. Ne4 Nd5 23. N2c3 {Hoping for Nxd5.} Ra8 {[%cal Ba6a8,Ba8c8,Bc8c4][%mdl 32]} 24. Nb5 Rc8 25. Qd2 Rc4 26. a3 Rc8 27. f4 f5 28. Nec3 Kf7 29. Rf3 Qf6 30. g3 Rcd8 31. Qe2 Kg7 32. Qc4 g5 (32... Qf7 $16) 33. Nxd5 Rxd5 {[%cal Bd7d5,Bd5c5,Bc5b5][%mdl 32]} 34. fxg5 (34. Re3 $16) 34... Nxg5 $11 35. Rf2 $2 {[%mdl 8192] [#]} (35. Rfd3 $11) 35... Rc5 $3 $19 {[%cal Rc5c4][%mdl 512]} 36. Qe2 (36. dxc5 Rxd1+) 36... Qc6+ 37. Rg2 (37. d5 Rdxd5 38. Rg2 Rxd1+ 39. Qxd1 Rc1 40. Qxc1 Qxc1+ 41. Rg1 Qc2 42. Nd4 Qe4+ 43. Rg2 Qxd4 44. g4 Nh3 45. gxf5+ Kf7 46. Rg3 Qe4+ 47. Rg2 Qe1+ 48. Rg1 Qxg1#) 37... Rxb5 {Precision: White = 44%, Black = 30%.} 0-1

[Event "IOM Open-Masters 2017"]
[Site "Douglas"]
[Date "2017.09.28"]
[Round "6"]
[White "Eljanov, Pavel"]
[Black "Carlsen, Magnus"]
[Result "0-1"]
[WhiteElo "2734"]
[BlackElo "2827"]
[Annotator "TA"]
[PlyCount "58"]
[EventDate "2017.??.??"]
[EventType "swiss"]
[EventCountry "GBR"]
[SourceTitle "playchess.com"]
[Source "ChessBase"]
[SourceQuality "1"]

{[%evp 17,58,16,39,17,17,15,41,15,34,12,11,8,15,19,8,8,0,-43,-46,-47,-42,-56,-43,-125,-124,-123,-84,-188,-187,-183,-184,-192,-201,-216,-167,-155,-149,-235,-231,-268,-261,-270,-250]} 1. Nf3 b6 2. e4 Bb7 3. Nc3 e6 4. d4 Bb4 5. Bd3 Nf6 6. Qe2 d5 7. exd5 Qxd5 8. O-O {B00: Queen's Fianchetto Defence, Nimzowitsch Defence} Bxc3 9. bxc3 {[%cal Bb2c3,Bc3c4][%mdl 32]} Nbd7 {LiveBook: 3 Games} (9... O-O 10. Re1 Nbd7 11. a4 Qh5 12. Nd2 Qxe2 13. Bxe2 Ne4 14. Nxe4 Bxe4 15. Bd1 Nf6 16. a5 b5 17. Ba3 Rfb8 {1-0 (64) Zhang,Z (2619)-Zvjaginsev,V (2660) Berlin 2015}) 10. c4 {White is slightly better.} Qh5 11. Bf4 Rc8 $146 ({Predecessor:} 11... c5) 12. a4 a5 13. Rab1 O-O 14. Rb5 c5 15. dxc5 {[#] Threatens to win with c6!} Rxc5 16. Bd6 Rxb5 17. cxb5 Rc8 18. c4 Nc5 {[%cal Bd7c5,Bc5e4,Be4c3][%mdl 32]} 19. Bc2 Nce4 20. Bf4 (20. Bg3 $15) 20... Nc3 $17 21. Qd3 Qg4 $40 {[%mdl 128] Black wants a kill.} 22. Be5 (22. Qxc3 $17 Qxf4 23. Nd2) 22... Qxc4 $19 23. Qxc4 Rxc4 24. Bd3 {[#]} Rc8 $1 25. Ra1 Nfd5 26. Nd2 f6 27. Bd6 (27. Bxc3 $17 {was called for.} Rxc3 28. Bf1) 27... Nb4 28. Bc4 Bd5 29. Bf1 Nba2 {Precision: White = 42%, Black = 74%.} 0-1

[Event "IOM Open-Masters 2017"]
[Site "Douglas"]
[Date "2017.09.28"]
[Round "6"]
[White "Vallejo Pons, Francisco"]
[Black "Timman, Jan H"]
[Result "1/2-1/2"]
[WhiteElo "2717"]
[BlackElo "2573"]
[Annotator "TA"]
[PlyCount "61"]
[EventDate "2017.??.??"]
[EventType "swiss"]
[EventCountry "GBR"]
[SourceTitle "playchess.com"]
[Source "ChessBase"]
[SourceQuality "1"]

{[%evp 23,61,36,28,0,0,0,0,0,9,0,0,-7,0,0,-1,-41,-14,-20,0,0,0,0,0,0,0,0,0,-10,0,0,0,0,0,0,0,0,0,0,0,0]} 1. d4 Nf6 2. c4 e6 3. g3 Bb4+ 4. Bd2 Bxd2+ 5. Qxd2 O-O 6. Bg2 d5 7. Nf3 Nbd7 8. O-O dxc4 {E11: Bogo-Indian} (8... c6 9. Rc1 b6 10. cxd5 cxd5 11. Nc3 Bb7 12. Rc2 Qe7 13. Rac1 Rfc8 14. Ne5 Qd8 15. Nb5 Rxc2 16. Qxc2 Ne8 17. Nc6 Bxc6 18. Qxc6 {½-½ (44) Tomashevsky,E (2695)-Khismatullin,D (2671) Vladivostok 2014}) 9. Na3 e5 10. dxe5 Nxe5 11. Qxd8 Nxf3+ 12. Bxf3 Rxd8 {LiveBook: 5 Games} 13. Rfd1 Be6 14. Bxb7 Rab8 15. Ba6 Rd6 {[#]} 16. Rxd6 $146 ({Predecessor:} 16. Bxc4 Rxb2 {½-½ (46) Timman,J (2562)-Schebler,G (2453) Antwerp 2008}) 16... cxd6 17. Nxc4 Ne4 {aiming for ...Nc5.} 18. Na5 Rxb2 19. a4 Nc5 20. Bc4 {The position is equal.} d5 {[#]} 21. Bxd5 $1 {[%mdl 512]} Bxd5 22. Rd1 Nxa4 23. Rxd5 $11 {[%cal Rd5d8][%mdl 4096] Endgame KRN-KRN} g6 24. Re5 Nc3 25. Nc6 Rxe2 26. Rxe2 Nxe2+ {KN-KN} 27. Kf1 Nc3 28. Nxa7 Kg7 29. Nc6 Kf6 30. Nb4 Ke6 31. Kg2 {Precision: White = 69%, Black = 48%.} 1/2-1/2

[Event "IOM Open-Masters 2017"]
[Site "Douglas"]
[Date "2017.09.28"]
[Round "6"]
[White "Naiditsch, Arkadij"]
[Black "Ju, Wenjun"]
[Result "1-0"]
[WhiteElo "2702"]
[BlackElo "2574"]
[Annotator "TA"]
[PlyCount "109"]
[EventDate "2017.??.??"]
[EventType "swiss"]
[EventCountry "GBR"]
[SourceTitle "playchess.com"]
[Source "ChessBase"]
[SourceQuality "1"]

{[%evp 10,109,-6,0,18,0,0,-3,6,-8,-4,-21,2,3,8,0,22,10,27,16,12,18,25,28,45,51,60,56,76,28,45,45,48,45,50,25,25,25,85,55,65,70,75,50,87,69,94,90,97,83,83,41,47,47,47,49,56,37,140,140,150,137,145,0,43,40,65,47,41,35,51,59,281,297,272,267,486,468,739,739,633,679,643,534,1771,1665,5273,1389,29978,29979,29978,29978,29979,29980,29987,29981,29970,1569,1322,1440,1292,1253]} 1. e4 e5 2. Bc4 Nf6 3. d3 Bc5 4. Nc3 Nc6 5. Bg5 h6 6. Bh4 Be7 {C28: Vienna Game: 2...Nf6 3 Bc4 Nc6} (6... Na5 {seems wilder.} 7. f4 d6 8. fxe5 dxe5 9. Nf3 Nxc4 10. dxc4 Be6) (6... g5 7. Bg3 d6 8. h3 Be6 9. Bb5 Bd7 10. h4 g4 11. Nge2 Nd4 12. Bc4 Qe7 13. Qd2 O-O-O 14. O-O-O Bb4 {1-0 (49) Tran,N (2585)-Phan,T (2581) Vietnam 2012}) 7. Bg3 d6 8. a4 $146 ({Predecessor:} 8. h3 O-O 9. Nge2 Na5 10. Bh2 c6 11. f4 d5 12. fxe5 Nxe4 13. dxe4 Nxc4 14. Qd4 {0-1 (53) Nadj Hedjesi,B (2328)-Gabric,G (2228) Subotica 2017}) 8... O-O {The position is equal.} 9. Nge2 Be6 10. O-O a6 11. Nd5 Nh5 12. c3 Kh8 13. a5 Qd7 14. f3 {[%cal Bf2f3,Bf3f4][%mdl 32]} Nxg3 15. hxg3 Bxd5 16. Bxd5 Bd8 17. Qa4 Rb8 18. b4 Kg8 19. f4 Qg4 20. Rf3 Ne7 21. Bb3 Nc6 22. Raf1 Bf6 23. Qa2 Qd7 (23... Na7 $11 {remains equal.}) 24. Qd2 Kh7 25. d4 Qg4 26. Bd1 Qg6 27. Bc2 Kh8 28. Nc1 Qh5 {[%cal Re5d4]} 29. Nb3 exd4 30. cxd4 Qb5 $1 31. e5 Be7 32. Bb1 Nxb4 33. g4 dxe5 (33... c5 $14) 34. fxe5 $16 {aiming for Rh3.} Kg8 35. Qe1 $1 $40 {[%cal Re1e4][%mdl 128] Strongly threatening Qe4. White is out for blood.} Qd5 {[#]} 36. Be4 (36. g5 $1 $16 {[%mdl 512]}) 36... Qc4 37. Rc3 Qe6 38. Rxc7 Qxb3 39. Rxe7 Nc6 40. Rd7 {Bd5 is the strong threat.} Qb5 $2 (40... Qa4 $1 $14) 41. Qf2 Nd8 42. Rd5 ({Avoid the trap} 42. Qf5 $2 g6 $19) 42... Qe8 $2 (42... Qb3 {was worth a try.} 43. g5 hxg5) 43. g5 $18 hxg5 (43... h5 $142 44. Qe2 g6) 44. Qf5 {[%csl Ge4][%cal Rf5h7]} g6 45. Qxg5 Ne6 46. Qh4 Rd8 47. Rf3 {[%cal Bf1f3,Bf3h3,Bh3h6][%mdl 32] Rh3 would kill now.} Ng7 {[#]} 48. Qh6 (48. Bxg6 $142 $1 {[%mdl 512]} fxg6 49. Rxf8+ Qxf8 50. Rxd8 Qxd8 51. Qxd8+ Kf7 52. d5) 48... Rd7 49. Rh3 {[%csl Gh3][%cal Rh6h8]} f5 50. Qh7+ Kf7 51. Rh6 Rg8 52. Qxg6+ Kf8 53. Qxe8+ (53. Qf6+ $142 Rf7 54. Qb6 fxe4 55. e6 Rf3 56. Rd7 Qxd7 57. exd7 Ke7 58. Qd6+ Kd8 59. Qb8+ Kxd7 60. Qxg8) 53... Kxe8 54. Rxd7 Kxd7 55. Bxb7 {Precision: White = 70%, Black = 30%.} 1-0

[Event "IOM Open-Masters 2017"]
[Site "Douglas"]
[Date "2017.09.28"]
[Round "6"]
[White "Howell, David W L"]
[Black "Paehtz, Elisabeth"]
[Result "1-0"]
[WhiteElo "2701"]
[BlackElo "2453"]
[Annotator "TA"]
[PlyCount "141"]
[EventDate "2017.??.??"]
[EventType "swiss"]
[EventCountry "GBR"]
[SourceTitle "playchess.com"]
[Source "ChessBase"]
[SourceQuality "1"]

{[%evp 11,141,37,48,37,64,56,65,62,108,52,78,68,108,72,131,68,81,23,45,36,47,28,38,7,88,85,90,91,89,87,89,87,89,89,89,95,101,106,116,107,115,121,127,120,137,131,131,133,129,126,125,127,140,129,144,131,155,160,215,112,136,0,170,132,257,238,249,207,208,0,228,227,231,220,243,212,225,159,141,116,120,125,129,116,120,99,120,101,238,295,338,338,320,306,444,420,366,263,691,665,622,542,730,702,629,664,653,605,609,607,614,629,923,564,434,0,847,738,1600,1474,1541,1945,12838,12838,12845,12845,12845,12846,29990,29988,29991,364]} 1. g3 e5 2. c4 d6 3. Nc3 g6 4. d4 Bg7 5. dxe5 dxe5 6. Qxd8+ {A41: 1 d4 d6: Tartakower System and Modern Defence} Kxd8 {LiveBook: 10 Games} 7. b3 $146 ({Predecessor:} 7. Bg2 c6 8. b3 Kc7 9. Ba3 Nh6 10. O-O-O Bf8 11. Bxf8 Rxf8 12. e3 Be6 {0-1 (54) Yin,H (2496)-Krasenkow,M (2661) Shanghai 2000}) 7... Na6 8. Bg2 {White is slightly better.} Ke8 9. Ba3 f5 10. O-O-O ({Better is} 10. e4 $16) 10... Nh6 11. e4 Ng4 12. Rf1 (12. Nh3 {with more complications.} Bh6+ 13. Kb2 Kf7 14. Rhe1 c6 15. exf5 gxf5 16. Rd6) 12... Bh6+ (12... Bf8 $142 13. Bxf8 Kxf8) 13. Kb1 (13. Kb2 $16) 13... Bf8 $14 14. Bxf8 (14. Bb2 $16) 14... Rxf8 15. h3 Nf6 16. exf5 Bxf5+ 17. Ka1 c6 (17... Nb4 $11) 18. Re1 $36 {[%mdl 2048] White has strong initiative.} Nb4 19. Rxe5+ Kf7 20. Nf3 Rad8 21. Re2 Kg8 22. Rd1 Rxd1+ 23. Nxd1 Be4 24. Ne1 Rd8 25. Nc3 ({Reject} 25. Bxe4 $6 Nxe4 26. Nb2 (26. Rxe4 $2 Rxd1+ 27. Kb2 Rxe1 $19) 26... Nc3 $11) 25... Bxg2 26. Nxg2 Kf7 27. Ne1 Kf8 28. a3 Na6 29. Kb2 Nc5 30. Kc2 a5 31. Nf3 h6 32. Re3 g5 33. h4 g4 34. Ne5 Kg7 {[#]} (34... Rd6 $16 {might work better.} 35. b4 axb4 36. axb4 Ncd7) 35. Re1 (35. b4 $1 $18 {[%cal Rb4c5]} axb4 36. axb4) 35... Rd6 36. Re3 (36. b4 $16 axb4 37. axb4) 36... h5 $2 (36... Rd8 $1 $11) 37. Nd3 Ne6 (37... Nxd3 $16 38. Rxd3 Re6) 38. Ne2 $18 Kf7 39. Ne5+ Kg7 40. Nd3 Kf7 $1 41. Re5 b6 42. Ndf4 Ng7 43. Nc3 Rd4 44. Nfe2 Rd8 45. Ne4 Nxe4 46. Rxe4 $16 {[%mdl 4096] Endgame KRN-KRN} Ne6 47. Re5 Rh8 48. Nf4 Nxf4 49. gxf4 {KR-KR} Rh6 (49... Rd8 $16) 50. c5 $18 b5 51. Kd3 Rh8 52. Ke4 Rd8 (52... Rh7 {keeps fighting.} 53. Kf5 Rg7) 53. Rxh5 Rd2 54. Rh7+ Kf6 $2 (54... Kg6 55. Rc7 Re2+ 56. Kd4 Rxf2) 55. Rh6+ Kf7 56. Kf5 Rd5+ 57. Kxg4 Rxc5 58. f5 Rc1 59. Kg5 Rg1+ 60. Kf4 c5 61. Rc6 Rc1 62. Rc7+ Kf6 63. Rc6+ (63. f3 $142) 63... Kf7 $1 64. h5 {[%cal Bh4h5,Bh5h6,Bh6h7][%mdl 32]} c4 65. bxc4 bxc4 66. h6 c3 67. h7 {[#] Threatening mate with Rc7+.} Kg7 68. Rc7+ Kh8 69. f6 {White threatens f7 and mate.} Rc2 70. f3 Rh2 71. Rc8+ {Precision: White = 59%, Black = 33%.} 1-0

[Event "IOM Open-Masters 2017"]
[Site "Douglas"]
[Date "2017.09.28"]
[Round "6"]
[White "Rodshtein, Maxim"]
[Black "Pichot, Alan"]
[Result "1/2-1/2"]
[WhiteElo "2695"]
[BlackElo "2565"]
[Annotator "TA"]
[PlyCount "210"]
[EventDate "2017.??.??"]
[EventType "swiss"]
[EventCountry "GBR"]
[SourceTitle "playchess.com"]
[Source "ChessBase"]
[SourceQuality "1"]

{[%evp 12,210,43,42,44,44,42,39,45,49,42,42,41,38,38,50,41,52,47,47,47,43,68,54,62,59,58,58,52,61,64,58,70,62,58,23,50,30,29,38,31,39,32,31,31,13,73,46,71,58,67,50,46,53,69,66,79,68,70,63,92,97,100,103,366,49,47,44,45,43,46,23,50,45,99,99,99,99,99,99,99,103,103,103,102,104,104,103,105,93,107,93,93,63,105,105,105,91,91,83,85,0,89,80,85,64,56,8,75,58,90,78,85,37,35,35,34,33,33,24,72,8,8,8,37,8,8,0,0,0,0,0,1,0,0,0,0,-24,-24,-50,-40,-49,0,-18,-18,-67,-67,-69,-69,-69,-69,-69,-69,-69,-69,-69,-69,-69,-69,-69,-69,-69,-69,-69,-69,-69,-69,-69,-69,-69,-69,-69,-69,-69,-69,-69,-69,-69,-69,-69,-69,-69,-69,-69,-69,-69,-69,-69,-69,-69,-69,-69,-69,-69,-69,-70,-70,-70,-70,-70,-69]} 1. d4 Nf6 2. c4 g6 3. Nc3 Bg7 4. e4 d6 5. h3 O-O 6. Be3 c5 7. Nf3 Qa5 {E90: King's Indian: Classical: Early deviations and 6 h3} 8. Bd3 Nfd7 9. Be2 cxd4 {White is slightly better.} 10. Nxd4 Nc6 11. O-O Nxd4 12. Bxd4 Bxd4 13. Qxd4 {[#]} Qc5 $146 ({Predecessor:} 13... Qb6 14. Qxb6 Nxb6 15. Rad1 {½-½ (57) Karpov,A (2655)-Efimenko,Z (2660) Dagomys 2008}) 14. Qd2 Nf6 15. Rfe1 Be6 16. b3 Rfc8 17. Rac1 a6 18. Bf3 Rc7 19. Na4 {[%cal Bc3a4,Ba4b6,Bb6d5][%mdl 32]} Qe5 20. Nb6 Re8 21. Nd5 Rc5 22. b4 Rcc8 23. h4 Nd7 24. a4 a5 25. bxa5 Nc5 {Strongly threatening ...Nb3.} 26. Rb1 Bd7 27. Bd1 Bc6 28. f4 Qe6 (28... Nxe4 $11 29. Qe3 (29. fxe5 Nxd2 30. Bg4 Ra8 $15) 29... Qg7) 29. Qd4 Bxd5 30. cxd5 Qf6 31. Qxf6 exf6 32. Bc2 Ra8 33. Rb5 Ra6 34. e5 fxe5 35. fxe5 Nd7 36. e6 ({Much worse is} 36. Rxb7 $6 Nxe5 37. Ra1 Rxa5 $11) 36... Nc5 37. h5 Kg7 $2 {[%mdl 8192] [#]} (37... Re7 $16 {was necessary.}) 38. Re3 $2 (38. h6+ $1 $18 {[%mdl 512]} Kxh6 39. e7) 38... fxe6 $14 39. hxg6 hxg6 40. dxe6 Re7 41. Bb1 Rxe6 {[#]} 42. Rxb7+ $1 {[%mdl 512]} Kf6 ({Black should play} 42... Nxb7 $14 43. Rxe6 Nc5 44. Rxg6+ Kf7) 43. Rf3+ $16 Kg5 44. Rb5 Ra7 45. Rg3+ Kh6 46. Bc2 Kg7 47. Rg5 Ne4 48. Rg4 Nc5 49. Rd4 Rf6 50. Bd1 Nb7 51. Rdd5 Nc5 52. Kh2 Kf7 53. Rd4 Ke7 54. Bf3 Rf5 55. Rh4 Kf6 56. Rd4 Ke7 $1 57. Be2 Re5 58. Bd1 Nd7 59. Rg4 Kf6 (59... Rxb5 $11 {keeps the balance.} 60. axb5 Rxa5) 60. Bc2 g5 61. Rd4 Ke7 62. Rdd5 Rxd5 63. Rxd5 $14 {[%mdl 4096] Endgame KRB-KRN} Nc5 64. Rxg5 {Rg7+ is the strong threat.} Rxa5 65. Rg4 Kf6 66. Kg3 (66. Rf4+ $16 Ke5 67. Rf5+ Ke6 68. g4) 66... Ke5 $11 67. Kf3 Ra8 68. Rb4 d5 69. g4 Rf8+ 70. Ke3 Rh8 71. Kd2 Rh3 72. Kc1 d4 73. Rb5 Kd5 74. Rb8 Rh1+ 75. Kb2 Rh2 76. Kb1 Rh1+ 77. Ka2 d3 {[#]} 78. Bxd3 $1 {[%mdl 512]} Nxd3 {KRN-KR. Black is slightly better.} 79. a5 Kc4 80. Rc8+ Kb4 81. Rc2 Kxa5 82. Kb3 Kb5 83. Kc3 Ne5 84. Kd4 Nxg4 85. Rc5+ Kb4 {And now ...Rd1+ would win.} 86. Rc4+ Kb3 87. Rc3+ Kb2 88. Rg3 Rd1+ 89. Ke4 Nf6+ 90. Ke5 Nd5 91. Rg8 Nb4 92. Rb8 Kb3 93. Ke4 Kc4 94. Rc8+ Kb5 $1 95. Rb8+ Kc5 96. Rc8+ Nc6 97. Ke3 Kd5 98. Rh8 Ra1 99. Kf4 Ra4+ 100. Ke3 Re4+ 101. Kd3 Ne5+ 102. Kc3 Rc4+ 103. Kb3 Rc7 104. Rd8+ Ke4 105. Re8 Rb7+ {Precision: White = 55%, Black = 72%.} 1/2-1/2

[Event "IOM Open-Masters 2017"]
[Site "Douglas"]
[Date "2017.09.28"]
[Round "6"]
[White "Sutovsky, Emil"]
[Black "Caruana, Fabiano"]
[Result "1/2-1/2"]
[WhiteElo "2683"]
[BlackElo "2799"]
[Annotator "TA"]
[PlyCount "110"]
[EventDate "2017.??.??"]
[EventType "swiss"]
[EventCountry "GBR"]
[SourceTitle "playchess.com"]
[Source "ChessBase"]
[SourceQuality "1"]

{[%evp 18,110,2,10,12,8,27,14,21,14,35,30,37,0,0,0,22,5,56,50,60,63,94,63,52,14,3,-62,-72,-72,0,-33,0,0,0,0,0,0,-9,-7,-14,-18,-11,-18,-19,-6,0,0,0,-31,-24,-29,0,-60,-67,-77,-76,-76,-77,-77,-77,-74,-77,-94,-77,-87,-91,-109,-71,-79,-80,-80,-65,-65,-56,-44,-70,-153,-162,-790,-863,-862,-772,-12835,-12835,-12835,-12835,-12836,-2675,-918,0,0,0,0,0]} 1. e4 c6 2. d4 d5 3. Nc3 dxe4 4. Nxe4 Bf5 5. Ng3 Bg6 6. h4 h6 7. Nf3 e6 8. Ne5 Bh7 9. Bd3 Bxd3 10. Qxd3 Nd7 {B19: Classical Caro-Kann: 4...Bf5 main line} 11. Bf4 Qa5+ 12. c3 Ngf6 13. O-O Be7 14. Nc4 Qd5 {[#]} 15. Ne3 $146 ({Predecessor:} 15. Rfe1 Nh5 16. Nd6+ Bxd6 17. Bxd6 Qxd6 18. Nxh5 g6 19. Ng3 {½-½ (19) Palac,M (2610)-Dreev,A (2679) Pula 1999}) 15... Qb5 16. c4 Qa5 {next ...g5 is good for Black.} 17. b4 Qd8 (17... Qa4 $11) 18. d5 $14 Nf8 19. h5 exd5 20. Nef5 Ne6 21. Be5 O-O ({Of course not} 21... Bxb4 $6 22. Rab1 $16) 22. Nxh6+ (22. Rad1 $11) 22... gxh6 $15 23. Nf5 Ng7 (23... Bxb4 $6 24. Rab1 $14) (23... dxc4 $1 $17 24. Qf3 Ng5 25. Nxe7+ Qxe7 26. Qxf6 Qxf6 27. Bxf6 a5) 24. Nxh6+ $11 Kh8 {White must now prevent ...Bd6.} 25. Nf5 dxc4 26. Qf3 Qd3 $1 {[%cal Rd3f3]} ({Don't blunder} 26... Bxb4 $2 27. Rfd1 $18) ({Reject} 26... Nxf5 $6 27. Qxf5 Qd5 28. Bxf6+ Bxf6 29. Qxf6+ Kh7 30. Rfd1 $16) 27. Qxd3 cxd3 28. Nxe7 Nfxh5 29. g4 Rfe8 $36 {[%mdl 2048] Black fights for an advantage.} 30. Rae1 Kh7 31. Bxg7 $1 Kxg7 (31... Nxg7 {seems wilder.} 32. Re3 Ne6 33. Rh3+ Kg7 34. Nf5+ Kf6) 32. gxh5 Kf6 33. Re3 (33. Nxc6 {is more complex.} Rg8+ 34. Kh2 bxc6 35. Re3 d2 36. Rf3+) 33... Rxe7 34. Rxd3 $15 {[%mdl 4096] Endgame KRR-KRR} Re5 35. Rf3+ ({White should play} 35. Rd6+ $11 Kg7 36. h6+ Kh7 37. Rfd1) 35... Ke6 36. Rh3 Rh8 37. h6 Rg5+ $1 38. Kh2 Rg6 $1 39. Re1+ Kd7 $1 40. Rd1+ Kc7 41. h7 Rg7 42. Rdd3 b5 43. Rdf3 Rgxh7 44. Rxh7 Rxh7+ $17 {KR-KR} 45. Kg3 Kb6 46. Rf6 Rh1 47. Rxf7 {[#]} (47. f4 $1 $15) 47... Rg1+ $1 48. Kh4 $2 (48. Kf4) 48... Ra1 $19 49. f4 Rxa2 50. f5 a5 51. bxa5+ Rxa5 52. Rf8 {[#]} b4 $1 53. Kg4 Kc7 $2 (53... Ra7 $19 {And now ...c5 would win.} 54. Rb8+ Rb7 55. Rxb7+ Kxb7) 54. f6 $11 Kd7 {[#] Hoping for ...Ke6.} 55. Rc8 $1 {[%mdl 512]} Ke6 {Precision: White = 53%, Black = 63%.} (55... Kxc8 $5 56. f7 $8 Kb7 $18) 1/2-1/2

[Event "IOM Open-Masters 2017"]
[Site "Douglas"]
[Date "2017.09.28"]
[Round "6"]
[White "Leko, Peter"]
[Black "Aravindh, Chithambaram VR."]
[Result "1/2-1/2"]
[WhiteElo "2679"]
[BlackElo "2573"]
[Annotator "TA"]
[PlyCount "130"]
[EventDate "2017.??.??"]
[EventType "swiss"]
[EventCountry "GBR"]
[SourceTitle "playchess.com"]
[Source "ChessBase"]
[SourceQuality "1"]

{[%evp 24,130,29,24,31,30,14,18,6,13,8,9,14,10,17,10,18,13,21,37,28,23,22,9,6,5,23,10,24,22,26,12,12,7,15,6,40,16,26,27,22,12,17,28,29,22,33,6,33,33,52,68,62,45,148,83,81,88,79,83,78,89,89,84,84,75,108,109,107,80,80,77,74,69,66,8,8,8,8,8,8,8,72,0,0,0,63,0,0,0,0,0,0,0,0,0,0,0,0,0,0,0,0,0,0,0,0,0,0]} 1. e4 c5 2. Nf3 d6 3. d4 cxd4 4. Nxd4 Nf6 5. Nc3 a6 6. f3 e5 7. Nb3 Be6 8. Be3 h5 9. Nd5 {B90: Sicilian Najdorf: Unusual White 6th moves, 6 Be3 Ng4 and 6 Be3 e5} Bxd5 10. exd5 Nbd7 11. Qd2 g6 12. O-O-O (12. Be2 Bg7 13. O-O b6 14. c4 O-O 15. Rac1 a5 16. Qd1 a4 17. Nd2 Nc5 {0-1 (46) Topalov,V (2749)-Vachier Lagrave,M (2796) Paris 2017}) 12... Nb6 13. Kb1 {LiveBook: 7 Games} Nfxd5 14. Bg5 Be7 15. Bxe7 Qxe7 16. c4 Nf6 17. Qxd6 Qxd6 18. Rxd6 {[#]} Nbd7 $146 19. Rd1 Ke7 20. Bd3 Rhc8 21. Rhe1 Kf8 22. Nd2 Rc7 23. Ne4 Nxe4 24. Bxe4 Re8 25. b3 Nf6 26. Kb2 Re6 27. Bc2 Ke7 28. Re2 a5 29. Rde1 Kd6 30. a3 b6 31. Bb1 h4 32. Ba2 Nd7 33. b4 $36 {[%mdl 2048] White is more active.} Ke7 34. Bb3 Rd6 35. Kc3 (35. f4 $5) 35... Rf6 36. Re3 Rd6 37. f4 f6 38. Rh3 (38. fxe5 $6 Nxe5 39. Rf1 Rcd7 $11) 38... b5 (38... g5 $14) 39. c5 (39. Rxh4 $142 {Hoping for c5.} bxc4 40. Bc2 (40. Bxc4 $2 Rd4 $19)) 39... Nxc5 $16 40. bxc5 Rxc5+ 41. Kb2 Rd2+ 42. Kb1 a4 43. Bd1 Rxg2 44. fxe5 b4 45. exf6+ ({Much less strong is} 45. Bxa4 $6 Rxe5 46. Rxe5+ fxe5 $18) 45... Kxf6 46. Re2 ({Don't do} 46. Rxh4 bxa3 47. Bxa4 g5 $18) (46. Bxa4 {feels hotter.} bxa3 47. Rxh4 Rf5 48. Rh3 Rff2 49. Rxa3 Rxh2 50. Bb3) 46... Rxe2 47. Bxe2 bxa3 48. Rxa3 {[%mdl 4096] Endgame KRB-KR} Rg5 $1 49. Bd1 ({Better is} 49. Bf3 $1 $14) 49... Rg2 $11 50. h3 Rg3 51. Kb2 {next Rc3 is good for White.} Rg2+ 52. Kc3 Rg1 {[#]} (52... Rg3+ $11 53. Kb2 Rg2+ 54. Bc2 Rg3) 53. Kc2 (53. Kd2 $1 $16) 53... Rg2+ 54. Kc3 (54. Kc1 $11 Rg3 55. Kb2 (55. Rxa4 Rxh3 56. Kd2 g5 $11)) 54... Rg1 $14 55. Bg4 (55. Kd2 $1 $14) 55... Rg3+ $11 {The position is equal.} 56. Kb2 Rxg4 $1 57. hxg4 {KR-K3P} Kg5 58. Kc2 Kxg4 59. Rxa4+ {KR-KPP} Kg3 $1 60. Ra5 h3 61. Rg5+ Kf2 {[#] ...h2 is the strong threat.} 62. Rxg6 h2 63. Rh6 Kg2 64. Kd3 h1=Q 65. Rxh1 Kxh1 {Precision: White = 44%, Black = 63%.} 1/2-1/2